|
|
|
|
| LEADER |
01036nam a2200241 a 4500 |
| 001 |
GR-Patra15047 |
| 008 |
021216s1985 gr e 000 0 gre d |
| 040 |
|
|
|a GrPaTEI
|b gre
|c GR-PaULI
|
| 040 |
|
|
|a GrPaTEI
|b gre
|c GR-PaULI
|
| 082 |
|
0 |
|a 362.293
|2 21
|
| 100 |
1 |
|
|a Cutland, Elizabeth
|
| 245 |
1 |
0 |
|a Επιστροφή στη ζωή :
|b σπάζοντας τα δεσμά της ηρωίνης /
|c Elizabeth Cutland ; Μετάφραση Εύη Νάντσου.
|
| 260 |
|
|
|a Αθήνα :
|b Θετίλη,
|c [1985]
|
| 300 |
|
|
|a 173σ.
|
| 500 |
|
|
|a Τίτλος πρωτοτύπου: Kick Heroin
|
| 650 |
|
4 |
|a ΗΡΩΙΝΗ
|
| 650 |
|
4 |
|a Ναρκωτικά
|x Προγράμματα απεξάρτησης
|
| 700 |
1 |
|
|a Νάντσου, Εύη
|
| 710 |
0 |
|
|a ΘΕΤΙΛΗ
|
| 942 |
|
|
|2 ddc
|
| 952 |
|
|
|0 1
|1 0
|2 ddc
|4 0
|6 362_293000000000000_CUT
|7 0
|9 293870
|a LISK
|b LISK
|c BSC
|d 2021-01-17
|e 24
|f 0
|g 0.00
|l 0
|o 362.293 CUT
|p 92410019466
|r 2021-01-17 00:00:00
|t 1
|w 2021-01-17
|y BK15
|x 20021216 0 1
|x GrPaTEI
|
| 971 |
|
|
|a .b26625623
|b 16-04-20
|c 23-09-16
|
| 999 |
|
|
|c 171779
|d 171779
|